000 00662nam a2200169 i 4500
001 135573
003 ES-MaACL
005 20230906194916.0
007 t|
008 070719s1926 sp ||||1| spa d
100 1 _aTorre y del Cerro, Antonio de la.
_9110794
245 1 0 _aDon Cosme Parpal y Marqués
_b: discurso leído en la sesión necrológica celebrada por la Real Academia de Buenas Letras de Barcelona el 28 de febrero de 1926 /
_cAntonio de la Torre y del Cerro.
260 _aBarcelona :
_b[Imp. de la Casa provincial de Caridad],
_c1926.
300 _a56 p. ;
_c26 cm.
700 1 _aParpal y Marqués, Cosme.
_989218
852 _aES-MaACL
_j1707-F-5
999 _c135573
_d135573